000 00392nam a2200133Ia 4500
005 20260328101444.0
008 260328s9999||||xx |||||||||||||| ||und||
100 _aRodríguez Riaño, José Olimpo
245 0 _aFlora de Los Andes :
_b Cien especies del Altiplano Cundi-Boyacense /
_cJosé Olimpo Rodríguez Riaño
260 _bEscala
300 _a247 p.
650 _aPAISAJISMO
942 _cBK
999 _c8388
_d8388